00622nam a22002057a 450000500170000001000130001702000220003003500130005203700160006504000120008108200170009310000210011024500750013126000490020627000540025530000190030950000510032865000190037965000180039820170124110004.0 aA-382008 c00.00a8170450519 aA-382008 bCen Lib/Ret aDPLbEN a361.954bPAR aParanjpe, Nalini aSocial welfare in India : cby Nalini Paranjpeba policy perspective / aNew DelhibAssociated Publishing Housec1990 aE-22, Preet Vihar, Vikas Marg bNew Delhie110092 a92p.b22cm(Hb) aIncludes bibliographical references and index. aPublic welfare aSocial policy